Guerras de Flandes : (Registro nro. 153553)

Detalles MARC
000 -LEADER
campo de control de longitud fija 01516nam a22002775i 4500
001 - NÚMERO DE CONTROL
campo de control 153553
003 - IDENTIFICADOR DE NÚMERO DE CONTROL
campo de control ES-MaACL
005 - FECHA Y HORA DE LA ÚLTIMA TRANSACCIÓN
campo de control 20250728063132.0
008 - DATOS DE LONGITUD FIJA--INFORMACIÓN GENERAL
campo de control de longitud fija 990628s1748 be b |||| | spa d
100 1# - ENTRADA PRINCIPAL--NOMBRE DE PERSONA
Nombre de persona Dondino, Guillermo
Títulos y otros términos asociados al nombre (S.I.)
9 (RLIN) 156218
245 10 - MENCIÓN DEL TÍTULO
Título Guerras de Flandes :
Resto del título tercera decada, de lo que hizo en Francia Alexandro Farnese,... /
Mención de responsabilidad, etc. escriviola en latin el R. P. Guillelmo Dondino... ; y la traduxo... Melchor de Novar ; Tomo III, part II.
250 ## - MENCION DE EDICION
Mención de edición Nueva edicion, enriquecida de lindissimas estampas, en la qual se enmendaron essenciales erratas.
260 ## - PUBLICACIÓN, DISTRIBUCIÓN, ETC.
Lugar de publicación, distribución, etc. En Amberes :
Nombre del editor, distribuidor, etc. por Marcos Miguel Bousquet y Compañia,
Fecha de publicación, distribución, etc. 1748.
300 ## - DESCRIPCIÓN FÍSICA
Extensión [2], P. 432-879, [1] h. de grab. ;
Dimensiones 12º.
530 ## - NOTA DISPONIBLE DE FORMULARIO FÍSICO ADICIONAL
Nota de formato físico adicional disponible Disponible en formato digital.
597 ## - NOTA DE DESCRIPCIÓN FÍSICA
NOTA DE DESCRIPCIÓN FÍSICA Sign.: [ ]2, T10, V-Z12, 2A-2N12, 2O4, 2P6.
597 ## - NOTA DE DESCRIPCIÓN FÍSICA
NOTA DE DESCRIPCIÓN FÍSICA Texto con apostillas marginales.
599 ## - NOTA A LAS ILUSTRACIONES
NOTA A LAS ILUSTRACIONES Retrato calc. de Carlos de Lorena.
600 14 - PUNTO DE ACCESO ADICIONAL DE MATERIA--NOMBRE DE PERSONA
Nombre de persona Alejandro Farnesio,
Títulos y otros términos asociados al nombre Duque de Parma
9 (RLIN) 155121
651 #0 - PUNTO DE ACCESO ADICIONAL DE MATERIA--NOMBRE GEOGRÁFICO
Nombre geográfico Países Bajos-
Subdivisión general Historia-
Subdivisión cronológica 1556-1648 (Guerras de la Independencia)
9 (RLIN) 241409
700 1# - ENTRADA AGREGADA--NOMBRE PERSONAL
Nombre de persona Novar, Melchor de
Títulos y otros términos asociados al nombre (S.I.),
Fechas asociadas al nombre 1629-1707
9 (RLIN) 130535
700 1# - ENTRADA AGREGADA--NOMBRE PERSONAL
Nombre de persona Strada, Famiano,
Fechas asociadas al nombre 1572-1649
9 (RLIN) 132919
852 4# - LOCALIZACIÓN
Ubicación ES-MaACL
Número de control de estantería R-1500
Nota libre - Enc. piel
-- - Ex-libris de la Biblioteca del Rey N. Señor
-- - Sello con la leyenda "Inventariado por las Cortes, 1874"
Signatura antigua -
Encuadernación Olim: G-13943-49
856 4# - LOCALIZACIÓN Y ACCESO ELECTRÓNICOS
Identificador Uniforme de Recursos <a href="https://hdl.handle.net/11441/125769 ">https://hdl.handle.net/11441/125769 </a>
Nota pública Depósito de Investigación Universidad de Sevilla
Existencias
Estatus retirado Estado de pérdida Estado de daño No para préstamo Colección Biblioteca de origen Biblioteca actual Ubicación en estantería Fecha de adquisición Fuente de adquisición Total de préstamos Signatura topográfica completa Código de barras Visto por última vez Precio de reemplazo Tipo de ítem Koha
        Colección digital Biblioteca del Ateneo de Madrid Biblioteca del Ateneo de Madrid Depósito 17/01/2008     R-1500 1160519 23/02/2023 23/02/2023 Libro impreso antiguo